| 000 | 01296nam a22002537a 4500 | ||
|---|---|---|---|
| 001 | 9573 | ||
| 003 | FISKH | ||
| 005 | 20260123151600.0 | ||
| 008 | 260123b cb ||||| |||| 00| 0 eng d | ||
| 020 | _a9780722534878 | ||
| 040 |
_aFISKH _beng _cFISKH _dFISKH |
||
| 050 | _aBF1999 .C67413 | ||
| 082 | _a133.43 | ||
| 100 | _aCoelho , Paulo | ||
| 245 |
_aThe Pilgrimage / _cPaulo Coelho Author of the Alchemist |
||
| 260 |
_aLondon : _bThorsons Classics, _c2015 . |
||
| 300 |
_a281 pages : _billustrations ; _c20 cm . |
||
| 520 | _aThe Pilgrimage paved the way to Paulo Coehlo's international bestselling novel The Alchemist. In many ways, these two volumes are companions-to truly comprehend one, you must read the other. Step inside this captivating account of Paulo Coehlo's pilgrimage along the road to Santiago. This fascinating parable explores the need to find one's own path. In the end, we discover that the extraordinary is always found in the ordinary and simple ways of everyday people. Part adventure story, part guide to self-discovery, this compelling tale delivers the perfect combination of enchantment and insight. | ||
| 650 |
_aInspirational _vFiction |
||
| 650 |
_aSpirituality _vFiction |
||
| 700 |
_aClarke , Alan R. _eTranslator |
||
| 942 |
_2ddc _cBK _n0 |
||
| 999 |
_c9573 _d9573 |
||